| 000 | 00584nam a22002057a 4500 | ||
|---|---|---|---|
| 005 | 20210426081849.0 | ||
| 008 | 210215s1970 ||||| |||| 00| 0 eng d | ||
| 040 |
_aeng _cDLC |
||
| 041 | _aeng | ||
| 080 |
_a92 _bC-74 |
||
| 100 |
_9865 _aConant, B. James |
||
| 245 |
_aMy Several Lives _b: Memoirs of a Social Inventor _c/ by: Harper and Row Publishers |
||
| 250 | _a1st edition | ||
| 260 |
_aNew York _bHarper and Row Publishers _c1970 |
||
| 300 |
_a701 p. _bill. |
||
| 365 | _b12.50 usd | ||
| 650 | 0 |
_9237 _aBiography |
|
| 653 | _aბიოგრაფია | ||
| 942 |
_2udc _cBK _e1 |
||
| 999 |
_c1373 _d1373 |
||